Youtuber Intros & Outros! - Statistics

General Stats
  • This quiz has been taken 2,005 times
    1,999 since last reset
  • The average score is 4 of 21
Answer Stats
Intro/Outro Saying Youtuber % Correct
Top of the mornin' to ya, laddies! JackSepticEye
69%
How's it going, bros? My name is _________!! Pewdiepie
61%
Hey guys! It's me, Miranda! MirandaSings
59%
Tee hee! NigaHiga
44%
*random saying* SHUT UP! SMOSH
32%
Let's talk about that. Good Mythical Morning
24%
Hello, everybody! It's __! Welcome to another Nerdy Nummies! Rosanna Pansino
23%
What up, everyone! It's your girl, ______________! IISuperWomanII
19%
*rubber duck squeaks* Jenna Marbles
19%
Hello, Internet. danisnotonfire
16%
Well, hello everybody! My name is _____ ______! Tyler Oakley
15%
I will see you all tomorrow. Good damn bye! Joey Graceffa
12%
Hit that like button and give an alligator its wings! grav3yardgirl
10%
Hey what's up, everybody. It's Rob here with Man vs. Pin. Threadbanger
7%
If you sneezed during this video, bless you. Tobuscus
7%
Is you okay? Is you good? Cause I wants to know! GloZell Green
6%
Hey guys! It's Connie a.k.a. ___________. Noodlerella
6%
What is up, people? How's it going? Oli White
3%
YO! WHAT UP. IT'S YOUR BOY, ______! DashieGames
2%
Hey! What's going on, dudes? BajanCanadian
1%
And with that, I'm gonna dash out. Lucas Cruikshank
1%
No matching quizzes found
Score Distribution
Percent of People with Each Score
Percentile by Number Answered
Your Score History
You have not taken this quiz since the last reset